002780000a22001090004500090001700000245004500017041001300062100002600075942001300101773003700114999001700151 aASbSeriadas10aNew south American species of Piperaceae0 aInglés1 aYuncker, T. G.999423 cARTICULO1 tCaldasia345h27q19-42d1953g6 c14983d14983